00470nam a2200133Ia 4500008004100000245010800041260004900149260000900198300001000207500001200217650001600229999001900245952007200264170224s9999 xx 000 0 und d aDo hedonic motives moderate regulatory focus motives? Evidence from the framing of persuasive messages. bJournal of Personality and Social Psychology c2014 a106:1 aJanuary xPsychology. c316449d316449 001040aCLbCLd2017-02-24l0r2017-02-24 00:00:00w2017-02-24ySE